[Event "DVM U20 2022"]
[Site "Münster GER"]
[Date "2022.12.27"]
[Round "1"]
[White "Frank, Marian"]
[Black "Dornieden, Jonas"]
[Result "0-1"]
[Termination "normal"]
[Board "4.4"]
[WhiteElo "1438"]
[BlackElo "2073"]
[WhiteClock "00:00:58"]
[BlackClock "00:01:21"]
[WhiteTeam "ESV Gera"]
[BlackTeam "SK Lehrte von 1919 e. V."]
[PlyCount "72"]
[WhiteFideId "16245059"]
[BlackFideId "1336460"]
[EventCountry "GER"]
[EventRounds "7"]
[EventType "team-swiss"]
[EventDate "2022.12.26"]

1. d4 {[%clk 01:30:57]} {[%emt 00:00:03]} d5 {[%clk 01:30:52]} {[%emt
00:00:08]} 2. Nf3 {[%clk 01:31:21]} {[%emt 00:00:05]} Nf6 {[%clk 01:31:15]}
{[%emt 00:00:07]} 3. c4 {[%clk 01:31:43]} {[%emt 00:00:08]} e6 {[%clk
01:31:40]} {[%emt 00:00:06]} 4. e3 {[%clk 01:31:54]} {[%emt 00:00:18]} a6
{[%clk 01:32:00]} {[%emt 00:00:11]} 5. Nc3 {[%clk 01:32:00]} {[%emt 00:00:23]}
Nbd7 {[%clk 01:32:13]} {[%emt 00:00:18]} 6. b3 {[%clk 01:30:45]} {[%emt
00:01:45]} b6 {[%clk 01:32:13]} {[%emt 00:00:30]} 7. Bb2 {[%clk 01:30:29]}
{[%emt 00:00:46]} Bb7 {[%clk 01:32:25]} {[%emt 00:00:18]} 8. Be2 {[%clk
01:27:50]} {[%emt 00:03:08]} Bd6 {[%clk 01:29:46]} {[%emt 00:03:10]} 9. O-O
{[%clk 01:26:16]} {[%emt 00:02:04]} O-O {[%clk 01:29:43]} {[%emt 00:00:33]} 10.
Rc1 {[%clk 01:24:35]} {[%emt 00:02:10]} dxc4 {[%clk 01:25:52]} {[%emt
00:04:21]} 11. bxc4 {[%clk 01:23:19]} {[%emt 00:01:47]} c5 {[%clk 01:24:38]}
{[%emt 00:01:44]} 12. Qb3 {[%clk 01:16:24]} {[%emt 00:07:24]} Re8 {[%clk
01:09:23]} {[%emt 00:15:46]} 13. Rfd1 {[%clk 01:11:46]} {[%emt 00:05:08]} Qc7
{[%clk 01:04:28]} {[%emt 00:05:25]} 14. h3 {[%clk 01:08:42]} {[%emt 00:03:34]}
cxd4 {[%clk 00:58:35]} {[%emt 00:06:23]} 15. exd4 {[%clk 01:03:58]} {[%emt
00:05:14]} Nh5 {[%clk 00:42:05]} {[%emt 00:17:00]} 16. Na4 {[%clk 00:42:25]}
{[%emt 00:22:03]} Nf4 {[%clk 00:35:01]} {[%emt 00:07:34]} 17. Bf1 {[%clk
00:41:24]} {[%emt 00:01:31]} Qb8 {[%clk 00:22:40]} {[%emt 00:12:51]} 18. Qc3
{[%clk 00:25:27]} {[%emt 00:16:27]} Bf8 {[%clk 00:15:56]} {[%emt 00:07:14]} 19.
Rb1 {[%clk 00:13:54]} {[%emt 00:12:03]} Bc6 {[%clk 00:13:06]} {[%emt 00:03:20]}
20. Qb3 {[%clk 00:13:14]} {[%emt 00:01:09]} b5 {[%clk 00:11:53]} {[%emt
00:01:43]} 21. Bc1 {[%clk 00:11:07]} {[%emt 00:02:38]} Nxh3 {[%clk 00:08:45]}
{[%emt 00:03:38]} 22. gxh3 {[%clk 00:11:04]} {[%emt 00:00:32]} bxa4 {[%clk
00:09:11]} {[%emt 00:00:04]} 23. Qd3 {[%clk 00:10:23]} {[%emt 00:01:11]} Qc7
{[%clk 00:06:43]} {[%emt 00:02:59]} 24. Bg2 {[%clk 00:09:17]} {[%emt 00:01:36]}
h6 {[%clk 00:05:03]} {[%emt 00:02:10]} 25. Be3 {[%clk 00:08:33]} {[%emt
00:01:14]} Bd6 {[%clk 00:04:10]} {[%emt 00:01:23]} 26. Kh1 {[%clk 00:04:54]}
{[%emt 00:04:09]} Bf4 {[%clk 00:03:29]} {[%emt 00:01:11]} 27. Rg1 {[%clk
00:04:41]} {[%emt 00:00:43]} Kh8 {[%clk 00:02:32]} {[%emt 00:01:27]} 28. Bxf4
{[%clk 00:04:11]} {[%emt 00:01:00]} Qxf4 {[%clk 00:02:56]} {[%emt 00:00:05]}
29. Nd2 {[%clk 00:04:04]} {[%emt 00:00:37]} Bxg2 {[%clk 00:02:37]} {[%emt
00:00:50]} 30. Rxg2 {[%clk 00:04:30]} {[%emt 00:00:02]} e5 {[%clk 00:01:17]}
{[%emt 00:01:50]} 31. Rg4 {[%clk 00:02:19]} {[%emt 00:02:41]} Qf6 {[%clk
00:00:43]} {[%emt 00:01:05]} 32. Rbg1 {[%clk 00:01:29]} {[%emt 00:01:19]} g6
{[%clk 00:00:52]} {[%emt 00:00:21]} 33. Ne4 {[%clk 00:01:17]} {[%emt 00:00:42]}
Qb6 {[%clk 00:00:36]} {[%emt 00:00:47]} 34. c5 {[%clk 00:01:16]} {[%emt
00:00:31]} Qb5 {[%clk 00:00:40]} {[%emt 00:00:25]} 35. Qxb5 {[%clk 00:00:52]}
{[%emt 00:00:55]} axb5 {[%clk 00:01:09]} 36. Nd6 {[%clk 00:00:58]} {[%emt
00:00:23]} Re7 {[%clk 00:01:21]} {[%emt 00:00:18]} 0-1

[Event "DVM U20 2022"]
[Site "Münster GER"]
[Date "2022.12.27"]
[Round "1"]
[White "Weigand, Anton"]
[Black "Barz, Henrik"]
[Result "1/2-1/2"]
[Termination "normal"]
[Board "4.5"]
[WhiteElo "1948"]
[BlackElo "1647"]
[WhiteClock "00:09:42"]
[BlackClock "00:43:34"]
[WhiteTeam "SK Lehrte von 1919 e. V."]
[BlackTeam "ESV Gera"]
[PlyCount "80"]
[WhiteFideId "16221915"]
[BlackFideId "34628320"]
[EventCountry "GER"]
[EventRounds "7"]
[EventType "team-swiss"]
[EventDate "2022.12.26"]

1. e4 {[%clk 01:30:52]} {[%emt 00:00:07]} e6 {[%clk 01:30:56]} {[%emt
00:00:05]} 2. d4 {[%clk 01:31:15]} {[%emt 00:00:07]} d5 {[%clk 01:31:22]}
{[%emt 00:00:04]} 3. Bd3 {[%clk 01:31:40]} {[%emt 00:00:04]} dxe4 {[%clk
01:31:47]} {[%emt 00:00:06]} 4. Bxe4 {[%clk 01:32:01]} {[%emt 00:00:08]} Nf6
{[%clk 01:32:14]} {[%emt 00:00:04]} 5. Bf3 {[%clk 01:32:08]} {[%emt 00:00:22]}
Be7 {[%clk 01:32:38]} {[%emt 00:00:06]} 6. Ne2 {[%clk 01:31:06]} {[%emt
00:01:33]} c5 {[%clk 01:32:58]} {[%emt 00:00:11]} 7. Be3 {[%clk 01:30:24]}
{[%emt 00:01:10]} cxd4 {[%clk 01:31:27]} {[%emt 00:02:02]} 8. Nxd4 {[%clk
01:26:39]} {[%emt 00:04:13]} O-O {[%clk 01:28:33]} {[%emt 00:03:25]} 9. O-O
{[%clk 01:25:24]} {[%emt 00:01:44]} a6 {[%clk 01:28:35]} {[%emt 00:00:29]} 10.
Nd2 {[%clk 01:15:26]} {[%emt 00:10:28]} e5 {[%clk 01:28:52]} {[%emt 00:00:13]}
11. N4b3 {[%clk 01:15:00]} {[%emt 00:00:55]} Nc6 {[%clk 01:28:55]} {[%emt
00:00:28]} 12. c3 {[%clk 00:59:56]} {[%emt 00:15:34]} Bf5 {[%clk 01:28:03]}
{[%emt 00:01:23]} 13. Nc5 {[%clk 00:53:36]} {[%emt 00:06:49]} Qc8 {[%clk
01:27:23]} {[%emt 00:01:11]} 14. Re1 {[%clk 00:36:12]} {[%emt 00:17:52]} Rd8
{[%clk 01:25:53]} {[%emt 00:02:02]} 15. Qc1 {[%clk 00:35:43]} {[%emt 00:00:56]}
Nd5 {[%clk 01:24:39]} {[%emt 00:01:47]} 16. Bxd5 {[%clk 00:29:41]} {[%emt
00:06:31]} Rxd5 {[%clk 01:21:19]} {[%emt 00:03:50]} 17. Na4 {[%clk 00:30:00]}
{[%emt 00:00:10]} Bd8 {[%clk 01:20:51]} {[%emt 00:00:59]} 18. Nb6 {[%clk
00:29:44]} {[%emt 00:00:46]} Bxb6 {[%clk 01:21:13]} {[%emt 00:00:08]} 19. Bxb6
{[%clk 00:30:07]} {[%emt 00:00:07]} Qd7 {[%clk 01:19:39]} {[%emt 00:02:06]} 20.
Be3 {[%clk 00:26:04]} {[%emt 00:04:31]} Rd8 {[%clk 01:18:27]} {[%emt 00:01:43]}
21. Nc4 {[%clk 00:25:58]} {[%emt 00:00:36]} Qe6 {[%clk 01:15:21]} {[%emt
00:03:37]} 22. Bb6 {[%clk 00:24:26]} {[%emt 00:02:01]} R8d7 {[%clk 01:13:59]}
{[%emt 00:01:53]} 23. Ne3 {[%clk 00:24:13]} {[%emt 00:00:42]} Rb5 {[%clk
01:10:38]} {[%emt 00:03:51]} 24. Nxf5 {[%clk 00:23:46]} {[%emt 00:00:57]} Rxb6
{[%clk 01:10:06]} {[%emt 00:01:02]} 25. Qc2 {[%clk 00:19:59]} {[%emt 00:04:11]}
Ne7 {[%clk 01:06:07]} {[%emt 00:04:35]} 26. Nxe7 {[%clk 00:18:59]} {[%emt
00:01:30]} Qxe7 {[%clk 01:06:17]} {[%emt 00:00:21]} 27. Rad1 {[%clk 00:17:45]}
{[%emt 00:01:44]} Rbd6 {[%clk 01:06:22]} {[%emt 00:00:24]} 28. g3 {[%clk
00:16:25]} {[%emt 00:01:50]} f6 {[%clk 01:05:50]} {[%emt 00:01:02]} 29. Qb3
{[%clk 00:14:41]} {[%emt 00:02:14]} Qf7 {[%clk 01:06:13]} {[%emt 00:00:07]} 30.
Qxf7 {[%clk 00:13:30]} {[%emt 00:01:42]} Kxf7 {[%clk 01:06:37]} {[%emt
00:00:06]} 31. Rxd6 {[%clk 00:13:51]} {[%emt 00:00:09]} Rxd6 {[%clk 01:07:01]}
{[%emt 00:00:06]} 32. Kf1 {[%clk 00:13:45]} {[%emt 00:00:34]} b5 {[%clk
00:59:43]} {[%emt 00:07:48]} 33. Ke2 {[%clk 00:14:06]} {[%emt 00:00:10]} Ke6
{[%clk 01:00:03]} {[%emt 00:00:10]} 34. Rc1 {[%clk 00:13:36]} {[%emt 00:00:57]}
h5 {[%clk 00:57:18]} {[%emt 00:03:18]} 35. h4 {[%clk 00:11:05]} {[%emt
00:03:01]} g6 {[%clk 00:43:14]} {[%emt 00:14:33]} 36. b3 {[%clk 00:09:25]}
{[%emt 00:02:10]} Rc6 {[%clk 00:43:13]} {[%emt 00:00:32]} 37. Kd3 {[%clk
00:09:30]} {[%emt 00:00:23]} Rd6 {[%clk 00:43:30]} {[%emt 00:00:15]} 38. Ke3
{[%clk 00:09:12]} {[%emt 00:00:46]} Rc6 {[%clk 00:42:42]} {[%emt 00:01:19]} 39.
Kd3 {[%clk 00:09:33]} {[%emt 00:00:09]} Rd6 {[%clk 00:43:07]} {[%emt 00:00:06]}
40. Ke3 {[%clk 00:09:42]} {[%emt 00:00:20]} Rc6 {[%clk 00:43:34]} {[%emt
00:00:04]} 1/2-1/2

[Event "DVM U20 2022"]
[Site "Münster GER"]
[Date "2022.12.27"]
[Round "1"]
[White "Schulter, Moritz"]
[Black "Kieselbach, Jannik"]
[Result "0-1"]
[Termination "normal"]
[Board "4.6"]
[WhiteElo "1584"]
[BlackElo "1854"]
[WhiteClock "00:01:19"]
[BlackClock "00:01:49"]
[WhiteTeam "ESV Gera"]
[BlackTeam "SK Lehrte von 1919 e. V."]
[PlyCount "76"]
[WhiteFideId "16245067"]
[BlackFideId "16246403"]
[EventCountry "GER"]
[EventRounds "7"]
[EventType "team-swiss"]
[EventDate "2022.12.26"]

1. c4 {[%clk 01:30:58]} {[%emt 00:00:01]} b6 {[%clk 01:30:53]} {[%emt
00:00:07]} 2. d4 {[%clk 01:31:11]} {[%emt 00:00:17]} Bb7 {[%clk 01:31:13]}
{[%emt 00:00:09]} 3. Nc3 {[%clk 01:31:16]} {[%emt 00:00:26]} e6 {[%clk
01:31:36]} {[%emt 00:00:07]} 4. Nf3 {[%clk 01:29:26]} {[%emt 00:02:20]} Nf6
{[%clk 01:31:50]} {[%emt 00:00:16]} 5. Bg5 {[%clk 01:26:11]} {[%emt 00:03:46]}
Be7 {[%clk 01:30:47]} {[%emt 00:01:31]} 6. Qc2 {[%clk 01:24:11]} {[%emt
00:02:31]} d5 {[%clk 01:28:56]} {[%emt 00:02:20]} 7. e3 {[%clk 01:13:09]}
{[%emt 00:11:32]} h6 {[%clk 01:27:09]} {[%emt 00:02:17]} 8. Bh4 {[%clk
01:10:35]} {[%emt 00:03:05]} O-O {[%clk 01:27:08]} {[%emt 00:00:31]} 9. Rc1
{[%clk 01:04:58]} {[%emt 00:06:06]} c6 {[%clk 01:21:45]} {[%emt 00:05:53]} 10.
Be2 {[%clk 00:55:34]} {[%emt 00:09:55]} Nbd7 {[%clk 01:21:05]} {[%emt
00:01:10]} 11. O-O {[%clk 00:55:16]} {[%emt 00:00:47]} Rc8 {[%clk 01:20:20]}
{[%emt 00:01:14]} 12. Qb1 {[%clk 00:52:54]} {[%emt 00:02:53]} dxc4 {[%clk
01:14:05]} {[%emt 00:06:45]} 13. Bxc4 {[%clk 00:51:42]} {[%emt 00:01:42]} c5
{[%clk 01:13:14]} {[%emt 00:01:20]} 14. Be2 {[%clk 00:48:55]} {[%emt 00:03:17]}
Nd5 {[%clk 00:50:21]} {[%emt 00:23:23]} 15. Bg3 {[%clk 00:44:08]} {[%emt
00:05:18]} N7f6 {[%clk 00:24:00]} {[%emt 00:26:51]} 16. Rfd1 {[%clk 00:40:04]}
{[%emt 00:04:34]} Nxc3 {[%clk 00:19:55]} {[%emt 00:04:34]} 17. bxc3 {[%clk
00:35:53]} {[%emt 00:04:42]} c4 {[%clk 00:19:43]} {[%emt 00:00:42]} 18. Ne5
{[%clk 00:29:32]} {[%emt 00:06:50]} Ba3 {[%clk 00:15:59]} {[%emt 00:04:14]} 19.
Rc2 {[%clk 00:22:56]} {[%emt 00:07:06]} Be4 {[%clk 00:14:45]} {[%emt 00:01:43]}
20. Nxc4 {[%clk 00:23:02]} {[%emt 00:00:25]} Bxc2 {[%clk 00:14:31]} {[%emt
00:00:44]} 21. Qxc2 {[%clk 00:23:29]} {[%emt 00:00:03]} Be7 {[%clk 00:13:58]}
{[%emt 00:01:03]} 22. Ne5 {[%clk 00:15:28]} {[%emt 00:08:31]} Bd6 {[%clk
00:07:30]} {[%emt 00:06:58]} 23. Bh4 {[%clk 00:09:30]} {[%emt 00:06:28]} g5
{[%clk 00:06:02]} {[%emt 00:01:59]} 24. Bg3 {[%clk 00:09:55]} {[%emt 00:00:05]}
Nd5 {[%clk 00:04:56]} {[%emt 00:01:36]} 25. c4 {[%clk 00:08:05]} {[%emt
00:02:20]} Nb4 {[%clk 00:05:24]} {[%emt 00:00:01]} 26. Qb1 {[%clk 00:07:50]}
{[%emt 00:00:46]} Nc6 {[%clk 00:04:41]} {[%emt 00:01:14]} 27. c5 {[%clk
00:03:25]} {[%emt 00:04:54]} Bxe5 {[%clk 00:04:17]} {[%emt 00:00:53]} 28. dxe5
{[%clk 00:03:15]} {[%emt 00:00:41]} Qe7 {[%clk 00:03:58]} {[%emt 00:00:50]} 29.
cxb6 {[%clk 00:02:51]} {[%emt 00:00:54]} axb6 {[%clk 00:01:45]} {[%emt
00:02:43]} 30. Qe4 {[%clk 00:03:10]} {[%emt 00:00:11]} Qb4 {[%clk 00:01:29]}
{[%emt 00:00:46]} 31. Qf3 {[%clk 00:01:33]} {[%emt 00:02:06]} Ne7 {[%clk
00:00:52]} {[%emt 00:01:06]} 32. Qh5 {[%clk 00:00:48]} {[%emt 00:01:16]} Kg7
{[%clk 00:01:17]} {[%emt 00:00:05]} 33. h4 {[%clk 00:01:05]} {[%emt 00:00:13]}
Ng6 {[%clk 00:00:55]} {[%emt 00:00:52]} 34. hxg5 {[%clk 00:01:10]} {[%emt
00:00:25]} hxg5 {[%clk 00:01:24]} 35. Qxg5 {[%clk 00:01:36]} {[%emt 00:00:04]}
Qe7 {[%clk 00:01:31]} {[%emt 00:00:23]} 36. Qg4 {[%clk 00:01:22]} {[%emt
00:00:44]} Rfd8 {[%clk 00:01:12]} {[%emt 00:00:49]} 37. Bh4 {[%clk 00:00:54]}
{[%emt 00:00:56]} Rxd1 {[%clk 00:01:31]} {[%emt 00:00:12]} 38. Bxd1 {[%clk
00:01:19]} {[%emt 00:00:06]} Qxh4 {[%clk 00:01:49]} {[%emt 00:00:11]} 0-1

[Event "DVM U20 2022"]
[Site "Münster GER"]
[Date "2022.12.27"]
[Round "1"]
[White "Koll, Linus"]
[Black "Biermann, Lenhard"]
[Result "1-0"]
[Termination "normal"]
[Board "5.1"]
[WhiteElo "2058"]
[BlackElo "2086"]
[WhiteClock "00:14:29"]
[BlackClock "00:01:38"]
[WhiteTeam "Karlsruher SF 1853"]
[BlackTeam "Schachgesellschaft Bochum 1931"]
[PlyCount "117"]
[WhiteFideId "12990299"]
[BlackFideId "12970077"]
[EventCountry "GER"]
[EventRounds "7"]
[EventType "team-swiss"]
[EventDate "2022.12.26"]

1. e4 {[%clk 01:30:59]} e6 {[%clk 01:30:59]} {[%emt 00:00:01]} 2. b3 {[%clk
01:31:24]} {[%emt 00:00:05]} d5 {[%clk 01:31:07]} {[%emt 00:00:22]} 3. Bb2
{[%clk 01:31:50]} {[%emt 00:00:05]} Nf6 {[%clk 01:29:57]} {[%emt 00:01:39]} 4.
e5 {[%clk 01:32:16]} {[%emt 00:00:04]} Nfd7 {[%clk 01:29:48]} {[%emt 00:00:38]}
5. f4 {[%clk 01:32:40]} {[%emt 00:00:07]} c5 {[%clk 01:27:16]} {[%emt
00:03:02]} 6. Qg4 {[%clk 01:33:01]} {[%emt 00:00:09]} Nc6 {[%clk 01:18:17]}
{[%emt 00:09:28]} 7. Nf3 {[%clk 01:33:27]} {[%emt 00:00:05]} g6 {[%clk
01:11:07]} {[%emt 00:07:40]} 8. Be2 {[%clk 01:33:36]} {[%emt 00:00:21]} Be7
{[%clk 01:08:28]} {[%emt 00:03:08]} 9. O-O {[%clk 01:32:11]} {[%emt 00:01:56]}
a6 {[%clk 01:04:50]} {[%emt 00:04:08]} 10. Na3 {[%clk 01:16:52]} {[%emt
00:15:49]} b5 {[%clk 01:00:27]} {[%emt 00:04:53]} 11. c3 {[%clk 01:03:15]}
{[%emt 00:14:08]} c4 {[%clk 00:47:36]} {[%emt 00:13:21]} 12. Nc2 {[%clk
01:01:46]} {[%emt 00:01:59]} Qb6 {[%clk 00:30:23]} {[%emt 00:17:43]} 13. Kh1
{[%clk 01:01:05]} {[%emt 00:01:11]} Nc5 {[%clk 00:29:30]} {[%emt 00:01:23]} 14.
Ncd4 {[%clk 00:47:49]} {[%emt 00:13:47]} h5 {[%clk 00:23:59]} {[%emt 00:06:01]}
15. Qh3 {[%clk 00:45:23]} {[%emt 00:02:56]} Bb7 {[%clk 00:22:41]} {[%emt
00:01:47]} 16. Rab1 {[%clk 00:36:58]} {[%emt 00:08:55]} Ne4 {[%clk 00:17:13]}
{[%emt 00:05:58]} 17. d3 {[%clk 00:28:37]} {[%emt 00:08:51]} cxd3 {[%clk
00:13:03]} {[%emt 00:04:40]} 18. Bxd3 {[%clk 00:29:02]} {[%emt 00:00:06]} Bc5
{[%clk 00:09:42]} {[%emt 00:03:50]} 19. Bxe4 {[%clk 00:22:59]} {[%emt
00:06:33]} dxe4 {[%clk 00:06:53]} {[%emt 00:03:19]} 20. Ng5 {[%clk 00:23:15]}
{[%emt 00:00:14]} Ne7 {[%clk 00:00:59]} {[%emt 00:06:23]} 21. Rbe1 {[%clk
00:22:52]} {[%emt 00:00:54]} Nf5 {[%clk 00:00:48]} {[%emt 00:00:41]} 22. Nxe4
{[%clk 00:22:58]} {[%emt 00:00:24]} O-O-O {[%clk 00:00:39]} {[%emt 00:00:39]}
23. b4 {[%clk 00:16:48]} {[%emt 00:06:40]} Be7 {[%clk 00:00:40]} {[%emt
00:00:29]} 24. Nb3 {[%clk 00:16:46]} {[%emt 00:00:33]} h4 {[%clk 00:00:42]}
{[%emt 00:00:28]} 25. Nbc5 {[%clk 00:12:33]} {[%emt 00:04:43]} Bxe4 {[%clk
00:00:52]} {[%emt 00:00:20]} 26. Nxe4 {[%clk 00:12:38]} {[%emt 00:00:23]} Ng3
{[%clk 00:01:03]} {[%emt 00:00:20]} 27. Nxg3 {[%clk 00:13:04]} {[%emt
00:00:04]} hxg3 {[%clk 00:01:26]} {[%emt 00:00:07]} 28. Qxg3 {[%clk 00:13:30]}
{[%emt 00:00:05]} Bh4 {[%clk 00:01:40]} {[%emt 00:00:16]} 29. Qe3 {[%clk
00:13:35]} {[%emt 00:00:24]} Qxe3 {[%clk 00:00:57]} {[%emt 00:01:13]} 30. Rxe3
{[%clk 00:14:02]} {[%emt 00:00:04]} Bf2 {[%clk 00:00:54]} {[%emt 00:00:32]} 31.
Rf3 {[%clk 00:13:43]} {[%emt 00:00:49]} Bb6 {[%clk 00:01:03]} {[%emt 00:00:22]}
32. Bc1 {[%clk 00:12:39]} {[%emt 00:01:33]} Kc7 {[%clk 00:00:45]} {[%emt
00:00:47]} 33. h3 {[%clk 00:11:22]} {[%emt 00:01:47]} Rd5 {[%clk 00:00:43]}
{[%emt 00:00:32]} 34. Kh2 {[%clk 00:10:02]} {[%emt 00:01:51]} Rhd8 {[%clk
00:00:47]} {[%emt 00:00:26]} 35. Kg3 {[%clk 00:10:04]} {[%emt 00:00:29]} R8d7
{[%clk 00:00:39]} {[%emt 00:00:37]} 36. Be3 {[%clk 00:05:53]} {[%emt 00:04:42]}
Bxe3 {[%clk 00:00:53]} {[%emt 00:00:15]} 37. Rxe3 {[%clk 00:06:20]} {[%emt
00:00:04]} Rd2 {[%clk 00:01:15]} {[%emt 00:00:08]} 38. Rf2 {[%clk 00:06:40]}
{[%emt 00:00:10]} Rd1 {[%clk 00:01:29]} {[%emt 00:00:16]} 39. Kg4 {[%clk
00:05:43]} {[%emt 00:01:28]} Kd8 {[%clk 00:01:01]} {[%emt 00:00:57]} 40. Kg5
{[%clk 00:04:46]} {[%emt 00:01:27]} Ke7 {[%clk 00:00:58]} {[%emt 00:00:33]} 41.
g4 {[%clk 00:04:42]} {[%emt 00:00:33]} Rd8 {[%clk 00:27:18]} {[%emt 00:04:10]}
42. a4 {[%clk 00:29:43]} {[%emt 00:05:29]} Ra1 {[%clk 00:13:10]} {[%emt
00:14:38]} 43. axb5 {[%clk 00:29:16]} {[%emt 00:00:58]} axb5 {[%clk 00:13:35]}
{[%emt 00:00:04]} 44. Ree2 {[%clk 00:26:37]} {[%emt 00:03:09]} Rda8 {[%clk
00:11:24]} {[%emt 00:02:41]} 45. Rd2 {[%clk 00:26:44]} {[%emt 00:00:23]} R8a7
{[%clk 00:11:07]} {[%emt 00:00:46]} 46. Rd3 {[%clk 00:26:33]} {[%emt 00:00:41]}
Rc7 {[%clk 00:11:07]} {[%emt 00:00:30]} 47. Rfd2 {[%clk 00:26:33]} {[%emt
00:00:31]} Ra3 {[%clk 00:10:29]} {[%emt 00:01:08]} 48. Rd8 {[%clk 00:14:03]}
{[%emt 00:13:00]} Raxc3 {[%clk 00:03:12]} {[%emt 00:07:46]} 49. Rb8 {[%clk
00:14:18]} {[%emt 00:00:15]} Rc8 {[%clk 00:02:18]} {[%emt 00:01:24]} 50. Rxb5
{[%clk 00:14:38]} {[%emt 00:00:11]} R3c7 {[%clk 00:02:18]} {[%emt 00:00:30]}
51. Ra2 {[%clk 00:14:29]} {[%emt 00:00:39]} Rd7 {[%clk 00:00:56]} {[%emt
00:01:52]} 52. Rc5 {[%clk 00:12:31]} {[%emt 00:02:28]} Rb8 {[%clk 00:00:50]}
{[%emt 00:00:36]} 53. b5 {[%clk 00:12:53]} {[%emt 00:00:08]} Rdb7 {[%clk
00:00:35]} {[%emt 00:00:44]} 54. b6 {[%clk 00:12:47]} {[%emt 00:00:37]} Rh8
{[%clk 00:00:35]} {[%emt 00:00:30]} 55. Ra7 {[%clk 00:12:57]} {[%emt 00:00:21]}
Rxa7 {[%clk 00:00:58]} {[%emt 00:00:07]} 56. bxa7 {[%clk 00:13:22]} {[%emt
00:00:05]} Ra8 {[%clk 00:01:18]} {[%emt 00:00:09]} 57. Ra5 {[%clk 00:13:46]}
{[%emt 00:00:07]} Kf8 {[%clk 00:01:29]} {[%emt 00:00:19]} 58. Kf6 {[%clk
00:14:07]} {[%emt 00:00:09]} Kg8 {[%clk 00:01:38]} {[%emt 00:00:21]} 59. Ke7
{[%clk 00:14:29]} {[%emt 00:00:08]} 1-0